[Event "Novokuznetsk-ch"]
[Site "Novokuznetsk"]
[Date "2014.11.29"]
[Round "4"]
[White "Nuzhdov, Vasiliy"]
[Black "Storchak, Vitalij"]
[Result "0-1"]
[WhiteElo "2011"]
[BlackElo "2092"]
[PlyCount "92"]
[EventDate "2014.11.16"]
[EventType "swiss"]
[EventRounds "9"]
[EventCountry "RUS"]
[SourceTitle "EXT 2016"]
[Source "ChessBase"]
[SourceDate "2015.10.08"]
[SourceVersion "1"]
[SourceVersionDate "2015.10.08"]
[SourceQuality "1"]

1. e4 a6 2. Nf3 g6 3. d4 Bg7 4. c4 d6 5. Nc3 Nd7 6. Be3 e6 7. Be2 Ne7 8. 0-0 0-0 9. Qd2 b6 10. Bh6 Bb7 11. Bxg7 Kxg7 12. Ng5 h6 13. Nf3 Ng8 14. Rad1 Qf6 15. Qe3 Rae8 16. e5 Qd8 17. Nd2 dxe5 18. dxe5 Qg5 19. Bf3 Qxe3 20. fxe3 Bxf3 21. Nxf3 Nb8 22. Rd4 Ne7 23. Rfd1 g5 24. h3 Nbc6 25. Rd7 Rc8 26. Nd4 Rfd8 27. Nxc6 Nxc6 28. b3 Rxd7 29. Rxd7 Nxe5 30. Rd4 f5 31. Kf2 Kf6 32. g4 fxg4 33. hxg4 Ke7 34. Kg3 c5 35. Rd1 Rf8 36. Na4 Rf3+ 37. Kg2 Rxe3 38. Nxb6 Nxg4 39. Rd7+ Kf6 40. Ra7 Ke5 41. Rxa6 Kf4 42. Nd7 Re2+ 43. Kf1 Kf3 44. Nxc5 Ne3+ 45. Kg1 Re1+ 46. Kh2 Ng4+ 0-1

[Event "Novokuznetsk Kustov op"]
[Site "Novokuznetsk"]
[Date "2014.10.25"]
[Round "8"]
[White "Nuzhdov, Vasiliy"]
[Black "Sorokina, Tamara"]
[Result "1-0"]
[WhiteElo "1997"]
[BlackElo "2100"]
[PlyCount "99"]
[EventDate "2014.09.28"]
[EventType "swiss"]
[EventRounds "9"]
[EventCountry "RUS"]
[SourceTitle "EXT 2018"]
[Source "ChessBase"]
[SourceDate "2017.10.13"]
[SourceVersion "1"]
[SourceVersionDate "2017.10.13"]
[SourceQuality "1"]

1. e4 e6 2. Nf3 c5 3. Be2 b6 4. c4 Bb7 5. Nc3 Nc6 6. 0-0 d6 7. d4 cxd4 8. Nxd4 Nf6 9. Bf3 Ne5 10. b3 Nxf3+ 11. Qxf3 Be7 12. Bb2 0-0 13. Rad1 a6 14. Ba3 Qc7 15. Rfe1 Rfd8 16. Qh3 Rac8 17. Bb2 Bf8 18. Kh1 Bc6 19. f4 Qb7 20. Nxc6 Qxc6 21. f5 exf5 22. Qxf5 Re8 23. Nd5 Nxd5 24. Rxd5 Re6 25. Rf1 Qe8 26. Bd4 Rxe4 27. Bxb6 Re6 28. Bd4 Rc7 29. Qf3 Rce7 30. h3 Re1 31. Kh2 Rxf1 32. Qxf1 Re4 33. Qd3 Qe6 34. Qg3 h6 35. b4 g6 36. a4 Be7 37. b5 axb5 38. axb5 Bg5 39. Rxg5 hxg5 40. Qd3 d5 41. c5 Qf5 42. Bg1 Qe5+ 43. Qg3 Rf4 44. b6 d4 45. c6 d3 46. c7 Qc3 47. Be3 d2 48. Bxd2 Qxd2 49. c8Q+ Kh7 50. Qgc3 1-0

[Event "Novokuznetsk Spring op"]
[Site "Novokuznetsk"]
[Date "2013.03.31"]
[Round "1"]
[White "Kolesnikov, Oleg"]
[Black "Nuzhdov, Vasiliy"]
[Result "1/2-1/2"]
[WhiteElo "1974"]
[BlackElo "2000"]
[PlyCount "52"]
[EventDate "2013.03.31"]
[EventType "swiss"]
[EventRounds "9"]
[EventCountry "RUS"]
[SourceTitle "EXT 2015"]
[Source "ChessBase"]
[SourceDate "2014.11.20"]
[SourceVersion "1"]
[SourceVersionDate "2014.11.20"]
[SourceQuality "1"]

1. Nf3 Nf6 2. g3 g6 3. Bg2 Bg7 4. 0-0 0-0 5. Nc3 Nc6 6. d4 d5 7. Ne5 Bf5 8. Bf4 a5 9. Qd2 Ra6 10. Rab1 Rb6 11. Rfe1 Rb4 12. a3 Rb6 13. Na4 Rb5 14. c4 dxc4 15. Nxc6 bxc6 16. Bxc6 c3 17. Qxc3 Nd5 18. Qc4 Nxf4 19. Qxb5 Nh3+ 20. Kg2 Qxd4 21. e3 Qf6 22. f4 Bxb1 23. Rxb1 Rd8 24. Kxh3 Qe6+ 25. Kg2 Rd2+ 26. Kf3 h5 1/2-1/2

[Event "Novokuznetsk-ch"]
[Site "Novokuznetsk"]
[Date "2012.12.08"]
[Round "6"]
[White "Nuzhdov, Vasiliy"]
[Black "Storchak, Vitalij"]
[Result "0-1"]
[WhiteElo "2008"]
[BlackElo "2087"]
[PlyCount "100"]
[EventDate "2012.11.18"]
[EventType "swiss"]
[EventRounds "9"]
[EventCountry "RUS"]
[SourceTitle "EXT 2014"]
[Source "ChessBase"]
[SourceDate "2013.11.20"]
[SourceVersion "1"]
[SourceVersionDate "2013.11.20"]
[SourceQuality "1"]

1. e4 d6 2. Nf3 a6 3. d4 Bg4 4. c4 c5 5. Be2 cxd4 6. Nxd4 Bxe2 7. Qxe2 Nc6 8. Nf3 Nf6 9. Nc3 e6 10. 0-0 Be7 11. b3 0-0 12. Bb2 Qc7 13. Rad1 Rfd8 14. Ne1 h6 15. Nc2 Rab8 16. Kh1 Ne8 17. f4 Bf6 18. Qg4 b5 19. c5 dxc5 20. e5 Be7 21. Ne4 Rxd1 22. Rxd1 Rd8 23. Rc1 Kh8 24. Qh5 Bf8 25. h3 g6 26. Qg4 Kg8 27. h4 h5 28. Qe2 Qe7 29. g3 Qd7 30. Kh2 Qd3 31. Re1 Qxe2+ 32. Rxe2 Be7 33. Kg2 Ng7 34. Ne3 Nf5 35. Nxf5 gxf5 36. Nf2 Nb4 37. Ba3 a5 38. Bxb4 axb4 39. Rc2 Rd4 40. Kf3 c4 41. Ke2 Bc5 42. Nd1 Re4+ 43. Kf3 c3 44. a3 bxa3 45. Rxc3 a2 46. Rc1 Bd4 47. Rc8+ Kg7 48. Ra8 a1Q 49. Rxa1 Bxa1 50. Nf2 Rb4 0-1

[Event "Novokuznetsk Spring op"]
[Site "Novokuznetsk"]
[Date "2012.??.??"]
[Round "7"]
[White "Nuzhdov, Vasiliy"]
[Black "Alimov, Alexander"]
[Result "1-0"]
[WhiteElo "2037"]
[BlackElo "1965"]
[PlyCount "99"]
[EventDate "2012.04.04"]
[EventType "swiss"]
[EventRounds "9"]
[EventCountry "RUS"]
[SourceTitle "CBM 148 Extra"]
[Source "ChessBase"]
[SourceDate "2012.06.22"]
[SourceVersion "1"]
[SourceVersionDate "2012.06.22"]
[SourceQuality "1"]

1. Nf3 Nf6 2. d4 g6 3. Nbd2 Bg7 4. e4 d6 5. c4 Nbd7 6. Bd3 0-0 7. 0-0 e5 8. d5 Nc5 9. Bc2 a5 10. Re1 Nh5 11. Nf1 Qe8 12. Ng3 Nf4 13. Be3 b6 14. Rb1 Bg4 15. Qd2 Bxf3 16. gxf3 Bh6 17. Kh1 Qd7 18. Rg1 Qh3 19. Qd1 Kh8 20. Qf1 Qh4 21. Ne2 Nd7 22. Rg4 Qf6 23. Ba4 Nc5 24. Bc6 Rad8 25. Rd1 Ncd3 26. b3 Nxe2 27. Qxe2 Nf4 28. Qf1 Qe7 29. Bxf4 Bxf4 30. Qh3 f5 31. Rxg6 fxe4 32. fxe4 Rg8 33. Rdg1 Rxg6 34. Rxg6 Qf7 35. Rg2 Rg8 36. Bd7 Rxg2 37. Kxg2 Qg6+ 38. Kf3 Qg1 39. Qf5 Qg6 40. Qf8+ Qg8 41. Qf6+ Qg7 42. Qd8+ Qg8 43. Qxc7 Bxh2 44. Bf5 h5 45. Qxd6 Bf4 46. Qf6+ Qg7 47. Qd8+ Qg8 48. Qxb6 Qg1 49. Qf6+ Kg8 50. Qg6+ 1-0

[Event "Novokuznetsk Spring op"]
[Site "Novokuznetsk"]
[Date "2012.??.??"]
[Round "1"]
[White "Nuzhdov, Vasiliy"]
[Black "Morokov, Anatoliy"]
[Result "1-0"]
[WhiteElo "2037"]
[BlackElo "1734"]
[PlyCount "113"]
[EventDate "2012.04.04"]
[EventType "swiss"]
[EventRounds "9"]
[EventCountry "RUS"]
[SourceTitle "CBM 148 Extra"]
[Source "ChessBase"]
[SourceDate "2012.06.22"]
[SourceVersion "1"]
[SourceVersionDate "2012.06.22"]
[SourceQuality "1"]

1. e4 d5 2. exd5 Qxd5 3. Nf3 Bg4 4. Be2 Nf6 5. 0-0 Nc6 6. Nc3 Qd7 7. d3 0-0-0 8. Be3 Kb8 9. a4 e5 10. a5 Bxf3 11. Bxf3 Nd4 12. a6 Nxf3+ 13. Qxf3 e4 14. Nxe4 Qg4 15. axb7 Qxf3 16. gxf3 Nd5 17. Bxa7+ Kxb7 18. Be3 f5 19. Nc5+ Bxc5 20. Bxc5 Ra8 21. d4 Rhe8 22. Rxa8 Kxa8 23. Ra1+ Kb7 24. Kf1 Re6 25. c4 Nf4 26. Ra7+ Kb8 27. Ra3 Re2 28. Rb3+ Kc8 29. d5 Rc2 30. Be3 Ne2 31. Ke1 Ng1 32. Rb4 f4 33. Bxf4 Nxf3+ 34. Kf1 g5 35. Be3 Nxh2+ 36. Kg2 Ng4 37. Ba7 h5 38. Kg3 Ne5 39. c5 Nd3 40. Rb8+ Kd7 41. c6+ Kd6 42. Rd8+ Ke5 43. Bb8 Kf5 44. Bxc7 h4+ 45. Kf3 g4+ 46. Ke3 Nb4 47. Ba5 Rxb2 48. Bxb4 Rb3+ 49. Kd4 Rxb4+ 50. Kc5 Rb2 51. c7 Rxf2 52. Rf8+ Ke4 53. Rxf2 g3 54. Ra2 h3 55. c8Q g2 56. Qg4+ Ke3 57. Qxh3+ 1-0

[Event "Novokuznetsk-ch HL"]
[Site "Novokuznetsk"]
[Date "2011.04.??"]
[Round "3"]
[White "Volodarsky, Yury Aleksandrovic"]
[Black "Nuzhdov, Vasiliy"]
[Result "1-0"]
[WhiteElo "2184"]
[BlackElo "2044"]
[PlyCount "159"]
[EventDate "2011.04.29"]
[EventType "swiss"]
[EventRounds "8"]
[EventCountry "RUS"]
[SourceTitle "EXT 2013"]
[Source "ChessBase"]
[SourceDate "2012.11.22"]
[SourceVersion "1"]
[SourceVersionDate "2012.11.22"]
[SourceQuality "1"]

1. e4 c5 2. Nf3 e6 3. d4 Nf6 4. e5 Ne4 5. Bd3 d5 6. exd6 Nxd6 7. dxc5 Qa5+ 8. Nc3 Qxc5 9. Be3 Qb4 10. a3 Qa5 11. 0-0 Be7 12. Bf4 Qd8 13. Qe2 Nc6 14. Rad1 a6 15. Rfe1 Qa5 16. Ne5 g6 17. Nxc6 bxc6 18. Qf3 Bb7 19. Re5 Qc7 20. Qg3 0-0-0 21. Rde1 h6 22. R5e2 Qb6 23. Qe3 Qxe3 24. Rxe3 Bf6 25. Be5 Bxe5 26. Rxe5 Kc7 27. Ra5 Kb6 28. b4 Nb5 29. Na4+ Kc7 30. Nc5 Kb6 31. a4 Nc7 32. Nxb7 Kxb7 33. Ree5 Kb6 34. Rac5 f6 35. Re3 Rd6 36. Rf3 f5 37. h3 h5 38. Rg3 Rh6 39. Be2 Nd5 40. a5+ Kb7 41. Rd3 Kc7 42. Rb3 Rh8 43. Bxa6 Ra8 44. b5 Rb8 45. c4 Nb6 46. axb6+ Rxb6 47. Re5 cxb5 48. Bxb5 Rd1+ 49. Kh2 Rbd6 50. c5 R6d5 51. Rxd5 Rxd5 52. c6 Rc5 53. Ba4 Rc4 54. Rb7+ Kc8 55. Bb5 Rc5 56. f4 h4 57. Kg1 e5 58. fxe5 Rxe5 59. Ba6 Ra5 60. Ra7+ Kb8 61. c7+ Kxa7 62. c8Q Rxa6 63. Qc7+ Ka8 64. Qd8+ Kb7 65. Qxh4 Rd6 66. Kf2 Kc7 67. Qe7+ Kc6 68. Ke3 Kd5 69. Kf4 Re6 70. Qd7+ Rd6 71. Qb5+ Ke6 72. Qe5+ Kd7 73. Kg5 Re6 74. Qg7+ Kd6 75. h4 Kd5 76. Qxg6 Rxg6+ 77. Kxg6 f4 78. Kf5 Kd6 79. Kxf4 Ke6 80. Kg5 1-0

[Event "Novokuznetsk-ch"]
[Site "Novokuznetsk"]
[Date "2011.??.??"]
[Round "4"]
[White "Polyanskiy, Vladimir"]
[Black "Nuzhdov, Vasiliy"]
[Result "0-1"]
[WhiteElo "2206"]
[BlackElo "2044"]
[PlyCount "96"]
[EventDate "2011.11.19"]
[EventType "swiss"]
[EventRounds "9"]
[EventCountry "RUS"]
[SourceTitle "EXT 2013"]
[Source "ChessBase"]
[SourceDate "2012.11.22"]
[SourceVersion "1"]
[SourceVersionDate "2012.11.22"]
[SourceQuality "1"]

1. d4 d5 2. Nc3 Bf5 3. Nf3 e6 4. Bg5 Be7 5. Bxe7 Nxe7 6. e3 Nbc6 7. a3 a6 8. Be2 Nc8 9. 0-0 Nd6 10. b3 0-0 11. Na4 Ne4 12. c4 Rb8 13. Rc1 Na7 14. Ne5 f6 15. Nd3 b6 16. f3 Nd6 17. cxd5 exd5 18. Nb4 c6 19. Nxc6 Nxc6 20. Rxc6 Nb5 21. Rc1 Qe7 22. Qd2 Rfe8 23. Kf2 Qxa3 24. Bxb5 axb5 25. Nc3 Qd6 26. g3 Bd7 27. Qd3 Qe6 28. b4 Rbc8 29. e4 dxe4 30. fxe4 Rc4 31. Rfe1 Rec8 32. d5 Qe5 33. Re3 Rxb4 34. Ne2 Re8 35. Qc3 Rxe4 36. Qxe5 R4xe5 37. Rxe5 Rxe5 38. Nf4 g5 39. Nh5 Kf7 40. Rc7 Rxd5 41. g4 b4 42. Rb7 b5 43. Rb6 Bxg4 44. Nxf6 Rf5+ 45. Kg3 Rxf6 46. Rb7+ Kg6 47. Kxg4 h5+ 48. Kg3 Rf5 0-1

[Event "Novokuznetsk-ch op"]
[Site "Novokuznetsk"]
[Date "2010.12.11"]
[Round "9"]
[White "Kuzmichev, Alexander"]
[Black "Nuzhdov, Vasiliy"]
[Result "1-0"]
[WhiteElo "1986"]
[BlackElo "2048"]
[PlyCount "77"]
[EventDate "2010.11.14"]
[EventType "swiss"]
[EventRounds "9"]
[EventCountry "RUS"]
[SourceTitle "EXT 2022"]
[Source "ChessBase"]
[SourceDate "2021.10.06"]
[SourceVersion "1"]
[SourceVersionDate "2021.10.06"]
[SourceQuality "1"]

1. e4 e6 2. d4 d5 3. exd5 exd5 4. Bd3 Nf6 5. Bg5 Be7 6. Nd2 Nbd7 7. Ngf3 c6 8. c3 h6 9. Bh4 a5 10. 0-0 0-0 11. Re1 Re8 12. Qc2 Nf8 13. Ne5 Be6 14. f4 Qc7 15. Rf1 a4 16. Rae1 Rad8 17. Qxa4 Ra8 18. Qb3 b5 19. a3 Ne4 20. Bxe7 Nxd2 21. Qd1 Nxf1 22. Bxf8 Rxf8 23. Kxf1 f5 24. Kg1 Rf6 25. Re3 c5 26. Bxb5 Rb8 27. a4 Kh7 28. h3 g6 29. Kf2 h5 30. dxc5 Qxc5 31. Qd4 Rxb5 32. axb5 Qxd4 33. cxd4 Bg8 34. Nd7 Rd6 35. Re7+ Kh6 36. b6 Be6 37. b7 Rxd7 38. Rxd7 Bxd7 39. b8Q 1-0